| 000 | 00000nam##2200000za#4500 |
| 001 | 9.611898 |
| 003 | CaOODSP |
| 005 | 20200327123417 |
| 007 | ta |
| 008 | 150406|1994||||xxc||||| f|0| 0 eng|d |
| 022 | |a0706-6457 |
| 040 | |aCaOODSP|beng |
| 043 | |an-cn--- |
| 086 | 1 |aFs97-6/2015E |
| 110 | 1 |aCanada. |bDepartment of Fisheries and Oceans. |
| 245 | 10|aHoming of alewives (Alosa pseudoharengus) and blueback herring (A. aestivalis) to and within the Saint John River, New Brunswick, as indicated by tagging data / |cby B. M. Jessop. |
| 260 | |aOttawa - Ontario : |bFisheries and Oceans Canada |c1994. |
| 300 | |a22p. ; |c28 cm. |
| 490 | 1 |aCanadian technical report of fisheries and aquatic sciences|x0706-6457|v2015 |
| 500 | |aPrepared at the Freshwater and Anadromous Division, Biological Sciences Branch, Department of Fisheries and Oceans, Halifax, Nova Scotia B3J 2S7. |
| 546 | |aRésumés en français |
| 563 | |aSoftcover |
| 690 | 07|aFisheries|2gcpds |
| 720 | 1 |aJessop, B. M. |
| 776 | 0#|tHoming of alewives (Alosa pseudoharengus) and blueback herring (A. aestivalis) to and within the Saint John River, New Brunswick, as indicated by tagging data / |w(CaOODSP)9.573774 |
| 830 | #0|aCanadian technical report of fisheries and aquatic sciences,|x0706-6457|v2015|w(CaOODSP)9.514691 |